LEADER 00779cam0 2200253 450 001 E600200043729 005 20230731070612.0 100 $a20090115d1996 |||||ita|0103 ba 101 $aeng 102 $aGB 200 1 $aOn dialogue$fDavid Bohm$gedited by Lee Nichol 210 $aLondon$cRoutledge$d1996 215 $aXVIII, 102 p.$d21 cm 700 1$aBohm$b, David$3A600200051752$4070$045017 702 1$aNichol, Lee$3A600200051753$4070 801 0$aIT$bUNISOB$c20230731$gRICA 850 $aUNISOB 852 $aUNISOB$j400$m89087 912 $aE600200043729 940 $aM 102 Monografia moderna SBN 941 $aM 957 $a400$b000428$gSi$d89087$1massimo$2UNISOB$3UNISOB$420090115105554.0$520150330160911.0$6Alfano 996 $aOn dialogue$91679710 997 $aUNISOB